000
00341nam a22001457a 4500
008
230327b ||||| |||| 00| 0 eng d
020
_a
0444009442
041
_a
eng
080
_2
SECOND EDITION
_a
616.8
082
_a
616.8KAN
100
_a
11
101
_a
NEURO
245
_a
PRINCIPLES OF NEURAL SCIENCE
_c
KANDEL .R.E
942
_2
udc
_c
BK
999
_c
59460
_d
59460